Statistics for 写出地图中随机的20个中国地级行政区 20 random Chinese prefecture-level regions on map

Click here to take the quiz!

General Stats

  • This quiz has been taken 1 637 times
    (1 484 since last reset)
  • The average score is 13 of 20

Answers on the Map

Answers color-coded by a green-red scale on the quiz's map according to % correct below.
 

Answer Stats

行政区% Correct
连云港
100%
重庆
100%
秦皇岛
100%
大兴安岭地区
100%
深圳
100%
天津
96%
上海
96%
青岛
95%
吴忠
95%
广州
95%
烟台
95%
唐山
95%
大连
95%
成都
95%
济南
95%
阿勒泰地区
94%
盘锦
94%
湛江
94%
南通
94%
北京
94%
东莞
94%
温州
93%
阿拉善盟
92%
通辽
92%
台州
91%
盐城
91%
泉州
91%
黑河
90%
阿里地区
90%
厦门
90%
太原
89%
黔东南苗族侗族自治州
89%
宁波
89%
绍兴
89%
德宏傣族景颇族自治州
89%
邯郸
89%
海西蒙古族藏族自治州
89%
赤峰
88%
珠海
88%
西安
88%
张家口
88%
嘉兴
88%
汕尾
87%
葫芦岛
87%
日照
87%
扬州
87%
呼和浩特
87%
酒泉
87%
金华
86%
赣州
86%
茂名
86%
四平
86%
延安
86%
晋中
86%
伊犁哈萨克自治州
86%
昆明
86%
玉溪
86%
中卫
86%
汕头
86%
延边朝鲜族自治州
85%
丽水
85%
合肥
85%
那曲
85%
阿坝藏族羌族自治州
84%
承德
84%
杭州
83%
沈阳
83%
淄博
83%
铜陵
83%
徐州
83%
威海
83%
吉林
82%
常州
82%
廊坊
82%
福州
82%
东方
81%
锡林郭勒盟
81%
兰州
81%
丽江
81%
西宁
81%
保定
81%
潍坊
81%
无锡
81%
佛山
81%
花莲县
81%
济宁
81%
萍乡
81%
襄阳
81%
南阳
80%
石嘴山
80%
呼伦贝尔
80%
莆田
80%
防城港
80%
湘西土家族苗族自治州
80%
宿迁
80%
大同
80%
乌鲁木齐
80%
汉中
80%
拉萨
80%
揭阳
79%
商丘
79%
龙岩
79%
三亚
79%
日喀则
79%
泰安
79%
清远
79%
黔西南布依族苗族自治州
79%
渭南
78%
沧州
78%
银川
78%
滁州
78%
马鞍山
78%
黄南藏族自治州
78%
兴安盟
77%
普洱
77%
怒江傈僳族自治州
77%
南宁
77%
张掖
77%
神农架林区
77%
梅州
77%
黄冈
77%
遵义
77%
淮安
77%
桂林
76%
宁德
76%
东营
76%
迪庆藏族自治州
76%
海口
76%
昌吉回族自治州
76%
南昌
76%
滨州
76%
包头
76%
黄山
76%
牡丹江
75%
三明
75%
安康
75%
漳州
75%
丹东
75%
台北
75%
芜湖
75%
洛阳
75%
西双版纳傣族自治州
75%
新北
74%
商洛
74%
巴音郭楞蒙古自治州
74%
益阳
74%
苏州
74%
林芝
73%
绵阳
73%
双鸭山
73%
潮州
73%
鹤壁
72%
榆林
72%
和田地区
72%
十堰
72%
三门峡
71%
百色
71%
南京
71%
哈密
71%
海东
71%
玉树藏族自治州
71%
郑州
71%
松原
71%
六盘水
71%
白城
71%
南平
71%
佳木斯
71%
武汉
71%
吉安
70%
郴州
70%
毕节
70%
营口
70%
临汾
70%
朝阳
70%
张家界
70%
攀枝花
70%
黔南布依族苗族自治州
69%
贵阳
69%
庆阳
68%
衢州
68%
孝感
68%
新余
68%
咸阳
68%
广元
68%
景德镇
68%
怀化
68%
嘉峪关
68%
安庆
68%
乌兰察布
68%
六安
68%
白山
68%
临沂
68%
临夏回族自治州
68%
邢台
68%
克拉玛依
68%
安阳
67%
焦作
67%
伊春
67%
雅安
67%
仙桃
67%
宿州
67%
本溪
67%
枣庄
67%
湘潭
67%
长沙
67%
聊城
67%
喀什地区
67%
辽阳
67%
陇南
67%
乌海
65%
石家庄
65%
锦州
65%
河池
65%
德州
65%
恩施土家族苗族自治州
65%
湖州
65%
哈尔滨
65%
柳州
65%
固原
65%
台南
65%
肇庆
65%
惠州
64%
株洲
64%
镇江
64%
抚州
64%
北海
64%
宣城
63%
金昌
63%
昌都
63%
泰州
63%
铁岭
63%
山南
63%
淮北
63%
常德
63%
鄂尔多斯
63%
果洛藏族自治州
63%
齐齐哈尔
63%
新乡
63%
河源
63%
忻州
63%
大庆
62%
濮阳
62%
韶关
62%
永州
62%
甘孜藏族自治州
62%
荆州
62%
海北藏族自治州
62%
铜川
61%
海南藏族自治州
61%
朔州
61%
自贡
61%
周口
61%
蚌埠
61%
大理白族自治州
61%
宜春
60%
晋城
60%
鄂州
60%
梧州
60%
吕梁
60%
德阳
60%
阿克苏地区
60%
乐山
60%
阳江
59%
安顺
59%
吐鲁番
59%
江门
59%
凉山彝族自治州
59%
鸡西
59%
屏东县
59%
甘南藏族自治州
58%
济源
58%
宜昌
58%
武威
57%
香港特别行政区
57%
天水
57%
长春
57%
亳州
57%
桃园
57%
崇左
57%
泸州
57%
池州
57%
随州
57%
广安
56%
曲靖
56%
黄石
56%
绥化
56%
菏泽
56%
岳阳
56%
博尔塔拉蒙古自治州
56%
中山
55%
七台河
55%
运城
55%
鹤岗
55%
阳泉
54%
衡阳
54%
巴中
54%
九江
54%
铜仁
54%
台东县
53%
阿拉尔
53%
高雄
53%
巴彦淖尔
53%
陵水黎族自治县
53%
钦州
53%
鞍山
52%
开封
52%
阜阳
52%
阜新
52%
抚顺
52%
达州
52%
贵港
52%
通化
52%
娄底
52%
信阳
52%
琼中黎族苗族自治县
50%
红河哈尼族彝族自治州
50%
南充
50%
眉山
50%
衡水
50%
文昌
50%
玉林
50%
淮南
48%
定西
47%
台中
47%
楚雄彝族自治州
47%
贺州
47%
漯河
47%
上饶
46%
许昌
46%
昭通
46%
荆门
46%
儋州
45%
文山壮族苗族自治州
45%
克孜勒苏柯尔克孜自治州
45%
辽源
45%
新竹
44%
内江
44%
平顶山
44%
白银
44%
宜宾
44%
云浮
44%
驻马店
43%
资阳
43%
长治
42%
铁门关
42%
潜江
42%
鹰潭
42%
云林县
41%
保山
41%
宝鸡
41%
五指山
41%
嘉义县
41%
遂宁
39%
南投县
39%
来宾
39%
昌江黎族自治县
39%
石河子
38%
舟山
38%
天门
38%
图木舒克
38%
塔城地区
37%
澳门特别行政区
37%
白沙黎族自治县
35%
平凉
35%
澄迈县
35%
临沧
33%
澎湖县
33%
邵阳
33%
万宁
33%
北屯
32%
基隆
32%
保亭黎族苗族自治县
32%
五家渠
31%
宜兰县
30%
可克达拉
29%
琼海
27%
临高县
26%
新竹县
25%
昆玉
25%
咸宁
25%
胡杨河
23%
金门县
23%
彰化县
22%
乐东黎族自治县
19%
苗栗县
18%
双河
18%
嘉义
15%
定安县
12%
屯昌县
5%

Score Distribution

Percentile by Number Answered

Percent of People with Each Score

Your Score History

You have not taken this quiz since the last reset